MyGZULibrary

Julius Caesar / (Record no. 8238)

MARC details
000 -LEADER
fixed length control field 01441cam a2200409 a 4500
001 - CONTROL NUMBER
control field 15307777
003 - CONTROL NUMBER IDENTIFIER
control field GZU
005 - DATE AND TIME OF LATEST TRANSACTION
control field 20210518092454.0
008 - FIXED-LENGTH DATA ELEMENTS--GENERAL INFORMATION
fixed length control field 080528s2008 enka 000 d eng d
010 ## - LIBRARY OF CONGRESS CONTROL NUMBER
LC control number 2008273917
015 ## - NATIONAL BIBLIOGRAPHY NUMBER
National bibliography number GBA860498
Source bnb
016 7# - NATIONAL BIBLIOGRAPHIC AGENCY CONTROL NUMBER
Record control number 014600186
Source Uk
020 ## - INTERNATIONAL STANDARD BOOK NUMBER
International Standard Book Number 9780521706773 (pbk)
035 ## - SYSTEM CONTROL NUMBER
System control number (OCoLC)ocn226974094
040 ## - CATALOGING SOURCE
Original cataloging agency UKM
Transcribing agency UKM
Modifying agency YDXCP
-- DLC
042 ## - AUTHENTICATION CODE
Authentication code ukscp
-- lccopycat
043 ## - GEOGRAPHIC AREA CODE
Geographic area code e------
-- ff-----
-- aw-----
050 00 - LIBRARY OF CONGRESS CALL NUMBER
Classification number PR2808
Item number .JUL 2008
082 00 - DEWEY DECIMAL CLASSIFICATION NUMBER
Classification number 822.3/3
Edition number 22
100 1# - MAIN ENTRY--PERSONAL NAME
Personal name Shakespeare, William,
Dates associated with a name 1564-1616.
245 10 - TITLE STATEMENT
Title Julius Caesar /
Statement of responsibility, etc. edited by Rob Smith.
260 ## - PUBLICATION, DISTRIBUTION, ETC.
Place of publication, distribution, etc. Cambridge ;
-- New York :
Name of publisher, distributor, etc. Cambridge University Press,
Date of publication, distribution, etc. 2008.
300 ## - PHYSICAL DESCRIPTION
Extent xii, 196 p. :
Other physical details ill. (some col.) ;
Dimensions 23 cm.
440 #0 - SERIES STATEMENT/ADDED ENTRY--TITLE
Title Cambridge school Shakespeare
600 10 - SUBJECT ADDED ENTRY--PERSONAL NAME
Personal name Shakespeare, William,
Dates associated with a name 1564-1616.
Title of a work Julius Caesar
Form subdivision Problems, exercises, etc.
600 10 - SUBJECT ADDED ENTRY--PERSONAL NAME
Personal name Caesar, Julius
General subdivision Assassination
Form subdivision Drama.
600 10 - SUBJECT ADDED ENTRY--PERSONAL NAME
Personal name Brutus, Marcus Junius,
Dates associated with a name 85 B.C.?-42 B.C.
Form subdivision Drama.
650 #0 - SUBJECT ADDED ENTRY--TOPICAL TERM
Topical term or geographic name entry element Conspiracies
Form subdivision Drama.
650 #0 - SUBJECT ADDED ENTRY--TOPICAL TERM
Topical term or geographic name entry element Assassins
Form subdivision Drama.
650 #0 - SUBJECT ADDED ENTRY--TOPICAL TERM
Topical term or geographic name entry element Young adult drama, English.
651 #0 - SUBJECT ADDED ENTRY--GEOGRAPHIC NAME
Geographic name Rome
General subdivision History
Chronological subdivision Civil War, 43-31 B.C.
Form subdivision Drama.
655 #7 - INDEX TERM--GENRE/FORM
Genre/form data or focus term Tragedies.
Source of term gsafd
700 1# - ADDED ENTRY--PERSONAL NAME
Personal name Smith, Robert,
Dates associated with a name 1954 April 24-
906 ## - LOCAL DATA ELEMENT F, LDF (RLIN)
a 7
b cbc
c copycat
d 2
e ncip
f 20
g y-gencatlg
942 ## - ADDED ENTRY ELEMENTS (KOHA)
Source of classification or shelving scheme OHIOLINK LIBRARY CATALOG
Koha item type Books
Classification part 2807
Item part JUL
Call number prefix PR
Holdings
Withdrawn status Lost status Damaged status Not for loan Collection code Home library Current library Shelving location Date acquired Total Checkouts Full call number Barcode Date last seen Date last checked out Copy number Price effective from Koha item type
        Non-fiction Mashava Campus Library Mashava Campus Library General Stacks 05/18/2021 1 PR2807JUL2008 G23815 11/19/2024 11/09/2024 c.1 05/18/2021 Books
        Non-fiction Mashava Campus Library Mashava Campus Library General Stacks 05/18/2021 1 PR2807JUL2008 G23808 11/08/2023 11/01/2023 c.2 05/18/2021 Books
        Non-fiction Mashava Campus Library Mashava Campus Library General Stacks 05/18/2021 1 PR2807JUL2008 G23806 11/27/2024 11/21/2024 c.3 05/18/2021 Books
        Non-fiction Mashava Campus Library Mashava Campus Library General Stacks 05/18/2021 1 PR2807JUL2008 G23807 11/08/2023 11/01/2023 c.4 05/18/2021 Books